Movie & Character Match Quiz Stats

 Plays Quiz Updated Nov 13, 2018

Challenge
Share
Tweet
Embed
Score 0/40 Timer 08:00
0 Plays Today
% Correct
The Dark Knight
96.8%
Elf
96.8%
Spider-man
94.2%
Star Wars IV: A New Hope
92%
The Godfather
81.4%
Iron Man
81.1%
Willy Wonka and the Chocolate Factory
79.5%
The Terminator
79.3%
Home Alone
75%
The Graduate
73.3%
Top Gun
73.1%
Friday the 13th
71.8%
Dirty Dancing
69.1%
One Flew Over the Cuckoo's Nest
66.4%
Titanic
65.6%
The Blind Side
64.3%
E.T. The Extra Terrestrial
63.2%
Beverly Hills Cop
61.3%
It's a Wonderful Life
57.6%
Slumdog Millionaire
56.7%
% Correct
Ghostbusters
55.5%
Rocky
52.4%
Blazing Saddles
45.7%
The Sandlot
45.4%
Holes
45%
Jaws
43.5%
Fiddler on the Roof
42.8%
Jerry Maguire
39.8%
Groundhog Day
38.3%
Caddyshack
37.9%
Romancing the Stone
31.1%
The Departed
29.9%
The Outlaw Josey Wales
28.2%
Jack and Jill
23.6%
The Rookie
22.1%
Close Encounters of the Third Kind
18.1%
Percy Jackson and The Lightning Thief
17.5%
Stripes
17.1%
G.I. Joe
10.4%
Duel
8.9%

You're not logged in!

Compare scores with friends on all Sporcle quizzes.
OR
Log In

You Might Also Like...

Show Comments

Extras

Top Quizzes Today


Score Distribution

Your Account Isn't Verified!

In order to create a playlist on Sporcle, you need to verify the email address you used during registration. Go to your Sporcle Settings to finish the process.

Report this User

Report this user for behavior that violates our Community Guidelines.

Details: